| 000 | 00000nam##2200000za#4500 |
| 001 | 9.581545 |
| 003 | CaOODSP |
| 005 | 20210624191552 |
| 007 | cr ||||||||||| |
| 008 | 150406|2015||||xxc|||||o f|0| 0 eng|d |
| 022 | |a1701-1280 |
| 040 | |aCaOODSP|beng |
| 043 | |an-cn--- |
| 086 | 1 |aFs70-4/2014-030E-PDF |
| 110 | 1 |aCanada. |bDepartment of Fisheries and Oceans. |
| 245 | 10|aProceedings of the annual meeting of the National Marine Mammal Peer Review Committee (NMMPRC) : |h[electronic resource]|bOctober 7-11, 2013, St. John's, Newfoundland / |cChairperson: Don Bowen; editor: Christine Abraham. |
| 260 | |aOttawa - Ontario : |bFisheries and Oceans Canada |cFebruary 2015. |
| 300 | |a29p. |
| 490 | 1 |aCanadian Science Advisory Secretariat proceedings series|x1701-1280|v2014/030, National Capital Region |
| 590 | |a15-10|b2015-03-06 |
| 775 | 08|tCompte rendu de la réunion annuelle du Comité national d'examen par les pairs sur les mammifères marins (CNEPMM) : |w(CaOODSP)9.608323 |
| 830 | #0|aProceedings series (Canadian Science Advisory Secretariat)|x1701-1280|v2014/030, National Capital Region|w(CaOODSP)9.506483 |
| 856 | 40|ahttp://publications.gc.ca|qPDF|s209 KB|uhttps://publications.gc.ca/collections/collection_2015/mpo-dfo/Fs70-4-2014-030-eng.pdf|y2014/030, National Capital Region |